000 01741nam a2200313 u 4500
001 000003535
003 DO-SdBNP
005 20220831143959.0
007 ta
008 090710s2000 dr cd 000 0 spa d
040 _aDO-SdBNP
_bspa
_cBNPHU
082 4 _a332.11
_bB213me
_222
110 2 _aBanco de Reservas de la República Dominicana
_96285
245 1 0 _aMemoria Anual /
_cfotográfos Luis Nova, Actividades acuáticas LTD Simón Guerrero.
260 _aSanto Domingo :
_bAmigo del hogar,
_c2000.
300 _a69 p. :
_bretrs. diag. ;
_c28 cm.
500 _aLa fotografía de la portada muestra dos ballenas jorobadas captadas en el Banco de la Plata, en el Océano Atlántico. Esta ha sido cedida gentilmente por la empresa Actividades Acuáticas, LTD.
505 0 _aIndicadores financieros -- Consejo de directores -- Carta de la administración general -- Contexto económico en el 2000 y perspectivas para el año 2001 -- Comportamiento operacional en el 2000 -- Las ballenas jorobadas -- Las ballenas jorobadas de nuestro Banco de Plata -- Proyecto de conservación de Lechuzas de la República Dominicana -- informe de los contadores independientes y estados financieros al 31 de diciembre del 2000 y 1999
590 _aInventariada, 2022 / DG
610 2 _aBanco de Reservas de la República Dominicana
_96285
650 4 _aBancos
_xCorrespondencia, memorias, etc.
_zRepública Dominicana
_910943
650 4 _aBallenas jorobadas
_zRepública Dominicana
_910944
650 4 _aBuhos
_xConservación de especímenes
_zRepública Dominicana
_910945
700 1 _aNova, Luis,
_efot.
_910946
700 1 _aGuerrero, Simón,
_efot.
_910948
710 1 _aActividades acuáticas LTD
_efot.
_910947
910 _aDG
942 _2ddc
_cLBS1
999 _c3361
_d3361